书目信息 |
| 题名: |
排球技术、战术训练法
|
|
| 作者: | 张然 著 | |
| 分册: | ||
| 出版信息: | 北京 人民体育出版社 1976 |
|
| 页数: | 188页 | |
| 开本: | 19cm | |
| 丛书名: | ||
| 单 册: | ||
| 中图分类: | G842.19 | |
| 科图分类: | ||
| 主题词: | 排球运动-运动技术 , 运动技术-排球运动 | |
| 电子资源: | ||
| ISBN: | ||
| 000 | 00689nam0 2200241 45 | |
| 001 | 0176002523 | |
| 005 | 20060809151549.65 | |
| 010 | @dCNY0.49 | |
| 100 | @a19950928d1976 em y0chiy0121 ea | |
| 101 | 0 | @achi |
| 102 | @aCN@b110000 | |
| 105 | @ay z 000yy | |
| 200 | 10 | @a排球技术、战术训练法@Apai qiu ji shu 、 zhan shu xun lian fa@f张然等著 |
| 210 | @a北京@c人民体育出版社@d1976 | |
| 215 | @a188页@d19cm | |
| 517 | 1 | @a排球技术战术训练法@Apai qiu ji shu zhan shu xun lian fa |
| 606 | @a排球运动-运动技术 | |
| 606 | @a运动技术-排球运动 | |
| 690 | @aG842.19@v3 | |
| 701 | 0 | @a张然@Azhang ran@4著 |
| 801 | 2 | @aCN@bNLC@c20060809 |
| 801 | 0 | @aCN@bTSSF |
| 905 | @a10447@dG842.19@e215 | |
| 排球技术、战术训练法/张然等著.-北京:人民体育出版社,1976 |
| 188页;19cm |
| ISBN :CNY0.49 |
| ● |
| 相关链接 |
|
|
|
|
正题名:排球技术、战术训练法
索取号:G842.19/215
 
预约/预借
| 序号 | 登录号 | 条形码 | 馆藏地/架位号 | 状态 | 备注 |
| 1 | 0450056 | 204500566 | 密集书库/ [索取号:G842.19/215] | 在馆 |